| 000 | 00729nam a2200205Ia 4500 | ||
|---|---|---|---|
| 001 | 57557 | ||
| 003 | OSt | ||
| 005 | 20150702102514.0 | ||
| 008 | 140507s9999 xx 000 0 und d | ||
| 020 | _a9780199060160 | ||
| 040 | _cPK-LaUMT | ||
| 082 |
_a 891.4393 _bSIR-A |
||
| 100 | _aSirshar, Rattan Nath(سرشار، رتن ناتھ) | ||
| 245 |
_aAlif laila (Urdu)(الف لیلی) _cSirshar, Rattan Nath<>Shamsu Rahman Farooqi(سرشار، رتن ناتھ[ شمس رحمان فاروقی) |
||
| 260 |
_aKarachi,Pakistan:(کراچی ، پاکستان ) _bOxford University Press,(اوکسفرڈ یونیورسٹی پریس) _c2010 |
||
| 501 | _a4 vols | ||
| 546 | _aur | ||
| 700 | _aShamsu Rahman Farooqi | ||
| 942 |
_cBK _2ddc |
||
| 999 |
_c54842 _d54842 |
||